Formate ion decomposition in water under UV irradiation at 253.7 nm /

Đã lưu trong:
Sonraí Bibleagrafaíochta
Príomhúdar: Talu, Gonca F.
Údair Eile: Diyamandoglu, Vasil.
Formáid: Bài viết
Teanga:English
Ábhair:
Clibeanna: Cuir Clib Leis
Gan Chlibeanna, Bí ar an gcéad duine leis an taifead seo a chlibeáil!
Thư viện lưu trữ: Thư viện Trường Đại học Đà Lạt
LEADER 00989nam a2200325 4500
001 DLU090094826
005 ##20091201
040 # # |a DLU  |b eng 
041 # # |a eng 
044 # # |a us 
100 # # |a Talu, Gonca F. 
245 # # |a Formate ion decomposition in water under UV irradiation at 253.7 nm /  |c Gonca F. Talu, Vasil Diyamandoglu. 
653 # # |a Chemical reaction kinetics 
653 # # |a Dissolved oxygen  
653 # # |a Oxidation 
653 # # |a Photochemical degradation 
653 # # |a Photooxidation 
653 # # |a Ultraviolet radiation 
653 # # |a Water treatment 
700 # # |a Diyamandoglu, Vasil. 
773 # # |t Environmental Science & Technology  |g Vol. 38, no. 14 (July 2004), p. 3984-3993 
920 # # |a Phòng Tạp chí -- Trung tâm Thông tin - Thư viện Trường Đại học Đà Lạt 
994 # # |a DLU 
900 # # |a True 
911 # # |a Trương Bảo Trâm Anh 
925 # # |a G 
926 # # |a A 
927 # # |a BB 
980 # # |a Thư viện Trường Đại học Đà Lạt